| 000 | 00673nam a2200217Ii 4500 | ||
|---|---|---|---|
| 003 | JO-AjNU | ||
| 008 | 230605s9999||||xx |||||||||||||| ||und|| | ||
| 017 | _a20064/741 | ||
| 040 |
_aJO-AjNU _bara _erda _cJO-AjNU |
||
| 041 | _aara | ||
| 050 | 1 | 4 | _aQ180.A1 D3922 2011 |
| 100 | 3 |
_aداود، عزيز, _eauthor _927983 |
|
| 245 | 0 | 0 | _aمناهج البحث العلمي والتربوي |
| 250 | _aد.ط | ||
| 264 | 3 | 1 | _aعمان:داراسامة ،2011 |
| 300 | _a264ص | ||
| 336 |
_atext _btxt _2rdacontent |
||
| 337 |
_aunmediated _bn _2rdamedia |
||
| 338 |
_avolume _bnc _2rdacarrier |
||
| 650 | 4 |
_aالتعليم - البحث العلمي -طرق البحث _927984 |
|
| 999 |
_aA10798 _c14366 _d14366 |
||